| 000 | 00663nam a2200217Ia 4500 | ||
|---|---|---|---|
| 003 | GCL | ||
| 005 | 20240530103414.0 | ||
| 008 | 140319s9999 xx 000 0 ara d | ||
| 020 | _a9772151430 | ||
| 040 |
_aGCL / _cGCL |
||
| 082 | 0 | 4 |
_a153.9 _bش ع |
| 100 | 1 | _aشاكر عبدالحميد | |
| 245 | 1 | 0 |
_aعلم نفس الابداع / _cشاكر عبدالحميد |
| 260 |
_aالقاهرة : _bدار غريب للطباعة والنشر والتوزيع ، _c1995 |
||
| 300 |
_a301 ص ؛ _c24 سم |
||
| 650 | 0 | 4 | _aعلم النفس |
| 650 | 0 | 4 | _aالجشطلت |
| 650 | 0 | 4 | _aالذكاء |
| 653 | _aعلم نفس الابداع | ||
| 942 |
_2ddc _cBK |
||
| 999 |
_c39123 _d39123 |
||